| 000 | 00784nam a2200241 a 4500 | ||
|---|---|---|---|
| 001 | 62158 | ||
| 003 | BD-RjUL | ||
| 005 | 20211209081041.0 | ||
| 008 | 170123s1981 enka b 000 0 eng d | ||
| 020 | _a0856681938 | ||
| 035 | _a(BD-RjUL)62283 | ||
| 040 |
_aBD-RjUL _cBD-RjUL _dBD-RjUL _beng |
||
| 041 | _aeng | ||
| 082 | 0 | 0 |
_a722.44 _223 _bMEI 1981 |
| 100 | 1 |
_aMerklinger, Elizabeth Schotten. _9184901 |
|
| 245 | 1 | 0 |
_aIndian Islamic architecture : _bthe Deccan 1347-1686 / _cElizabeth Schotten Merklinger. |
| 260 |
_aWarminster, England : _bAris & Phillips, _c1981. |
||
| 300 |
_axiv, 146 p. : _bill. ; _c29 cm. |
||
| 504 | _aBibliography: p. xi-xiii. | ||
| 650 | 0 |
_aIslamic architecture _zIndia _zDeccan. _9184902 |
|
| 650 | 0 |
_aArchitecture _zIndia _zDeccan. _9184903 |
|
| 942 |
_2ddc _cBK |
||
| 999 |
_c62158 _d62158 |
||